Southville International School and Colleges
Your cart is empty.
  • Cart
  • Lists
    Public lists Eva Luna New books Lux_list list_1
    Your lists Log in to create your own lists
  • Log in to your account
  • Your cookies
  • Search history
Southville International School and Colleges
  • Advanced search
  • Recent comments
  • Most popular
  • Libraries

Log in to your account

Log in with GOOGLE


If you do not have an external account, but do have a local account, you can still log in:

  1. Home
  2. MARC view: Entrepreneurship education and training /
Normal view MARC view ISBD view

Entrepreneurship education and training / (Record no. 290596)

[ view plain ]
MARC details
000 -LEADER
fixed length control field 00448nam a2200145Ia 4500
008 - FIXED-LENGTH DATA ELEMENTS--GENERAL INFORMATION
fixed length control field 160216s9999 xx 000 0 und d
100 ## - MAIN ENTRY--PERSONAL NAME
Personal name Sanchez-Garcia, J.C.
245 ## - TITLE STATEMENT
Title Entrepreneurship education and training /
245 ## - TITLE STATEMENT
Statement of responsibility, etc J.C. Sanchez-Garcia.
260 ## - PUBLICATION, DISTRIBUTION, ETC. (IMPRINT)
Name of publisher, distributor, etc InTech.
260 ## - PUBLICATION, DISTRIBUTION, ETC. (IMPRINT)
Date of publication, distribution, etc 2015
650 ## - SUBJECT ADDED ENTRY--TOPICAL TERM
General subdivision Business - training
650 ## - SUBJECT ADDED ENTRY--TOPICAL TERM
General subdivision Business education.
856 ## - ELECTRONIC LOCATION AND ACCESS
Uniform Resource Identifier <a href="http://www.intechopen.com/books/entrepreneurship-education-and-training">http://www.intechopen.com/books/entrepreneurship-education-and-training</a>
Holdings
Withdrawn status Lost status Damaged status Home library Current library Date acquired Total Checkouts Date last seen Price effective from Koha item type
      College Library College Library 02/16/2016   02/16/2016 02/16/2016 Curriculum - Based eBooks

Entrepreneurship education and training /

APA

Sanchez-Garcia J., .Entrepreneurship education and training. : InTech.

Chicago

Sanchez-Garcia J.C, .Entrepreneurship education and training. : InTech.

Harvard

Sanchez-Garcia J., .Entrepreneurship education and training. : InTech.

MLA

Sanchez-Garcia J.C, .: InTech. .

  • Place hold
  • Print
  • Cite
  • Add to your cart (remove)
  • Save record
    BIBTEX Dublin Core MARCXML MARC (non-Unicode/MARC-8) MARC (Unicode/UTF-8) MARC (Unicode/UTF-8, Standard) MODS (XML) RIS
  • More searches
    Search for this title in:
    Other Libraries (WorldCat) Other Databases (Google Scholar) Online Stores (Bookfinder.com) Open Library (openlibrary.org)

Exporting to Dublin Core...

SOUTHVILLE LIBRARY

Southville International School and Colleges Library

1281 Tropical Ave. Cor. Luxembourg St., BF Homes International, Las Pinas City

Tel. No. 8256374 / 252358 Loc. 117/146

Powered by Koha